<?xml version="1.0" encoding="UTF-8"?><?xml-stylesheet type="text/xsl" href="static/style.xsl"?><OAI-PMH xmlns="http://www.openarchives.org/OAI/2.0/" xmlns:xsi="http://www.w3.org/2001/XMLSchema-instance" xsi:schemaLocation="http://www.openarchives.org/OAI/2.0/ http://www.openarchives.org/OAI/2.0/OAI-PMH.xsd"><responseDate>2026-04-13T15:22:23Z</responseDate><request verb="GetRecord" identifier="oai:www.recercat.cat:10256/19588" metadataPrefix="marc">https://recercat.cat/oai/request</request><GetRecord><record><header><identifier>oai:recercat.cat:10256/19588</identifier><datestamp>2024-06-18T12:06:17Z</datestamp><setSpec>com_2072_452955</setSpec><setSpec>com_2072_2054</setSpec><setSpec>col_2072_453062</setSpec></header><metadata><record xmlns="http://www.loc.gov/MARC21/slim" xmlns:dcterms="http://purl.org/dc/terms/" xmlns:xsi="http://www.w3.org/2001/XMLSchema-instance" xmlns:doc="http://www.lyncode.com/xoai" xsi:schemaLocation="http://www.loc.gov/MARC21/slim http://www.loc.gov/standards/marcxml/schema/MARC21slim.xsd">
   <leader>00925njm 22002777a 4500</leader>
   <datafield ind2=" " ind1=" " tag="042">
      <subfield code="a">dc</subfield>
   </datafield>
   <datafield ind2=" " ind1=" " tag="720">
      <subfield code="a">Gispert Folch, Juan Ramón</subfield>
      <subfield code="e">author</subfield>
   </datafield>
   <datafield ind2=" " ind1=" " tag="720">
      <subfield code="a">Ramírez de Cartagena Bisbe, Francisco</subfield>
      <subfield code="e">author</subfield>
   </datafield>
   <datafield ind2=" " ind1=" " tag="720">
      <subfield code="a">Villar Mir, Josep Maria</subfield>
      <subfield code="e">author</subfield>
   </datafield>
   <datafield ind2=" " ind1=" " tag="720">
      <subfield code="a">Rovira, M.</subfield>
      <subfield code="e">author</subfield>
   </datafield>
   <datafield ind2=" " ind1=" " tag="260">
      <subfield code="c">2015-06</subfield>
   </datafield>
   <datafield ind2=" " ind1=" " tag="520">
      <subfield code="a">The productive and vegetative behaviour and fruit quality of hazelnut (Corylus avellana L.) was determined in response to 4 wet soil volumes receiving the same amount of water irrigation, 3 of them (6,&#xd;
15, 33%) generated by drip irrigation and 1 (70%) with microsprayers, expressed in terms of potential&#xd;
root exploration volume. The experiment was conducted on the cultivar ‘Pauetet’ in a commercial farm&#xd;
in Tarragona (Spain). The smaller volume of wet soil (6 %) generated the lower production of hazelnut&#xd;
in shell. Also the highest percentage of wet soil volume (70%) generated by microsprayer irrigation&#xd;
showed water stress due to the low water content of the soil and, probably, a higher evaporation of the&#xd;
soil surface, with hazelnut in shell productions like those achieved with the volume of 6% wet soil. Increased production of the hazelnut in shell and the greater vegetative shoot growth were achieved with&#xd;
a percentage of 33% wet soil volume. According to the results obtained in the production and quality&#xd;
parameters it would be advisable the drip irrigation for a minimum percentage of 33% wet soil volume</subfield>
   </datafield>
   <datafield ind2=" " ind1=" " tag="520">
      <subfield code="a">Se determinó el comportamiento productivo, vegetativo y la calidad del fruto en avellano (Corylus avellana L.), como respuesta a 4 volúmenes de suelo húmedo que recibieron la misma cantidad de agua de riego, 3 de ellos (VSH-6, VSH-15, VSH-33%) generados mediante riego por goteo y 1 (VSH-70%) con difusores, expresados en términos de volumen potencial de exploración radicular. El experimento se realizó sobre el cultivar ?Pauetet?, en una finca comercial en Tarragona (España). El volumen de suelo húmedo más reducido (6%) generó la producción menor de avellana en cáscara. Asimismo el mayor porcentaje de volumen de suelo húmedo (70%), generado mediante riego por microdifusión, dio lugar a manifestaciones de estrés hídrico debido a los bajos contenidos de agua del suelo y probablemente mayor evaporación, siendo las producciones en cáscara similares a las alcanzadas con el volumen de suelo húmedo del 6%. La mayor producción de avellana en cáscara y el mayor crecimiento vegetativo de los brotes se alcanzaron con un porcentaje de suelo húmedo del 33%. De acuerdo con los resultados obtenidos en los parámetros productivos y de calidad sería recomendable el riego por goteo para obtener un porcentaje mínimo de volumen de suelo húmedo del 33%</subfield>
   </datafield>
   <datafield ind1="8" ind2=" " tag="024">
      <subfield code="a">http://hdl.handle.net/10256/19588</subfield>
   </datafield>
   <datafield tag="653" ind2=" " ind1=" ">
      <subfield code="a">Regatge per degoteig</subfield>
   </datafield>
   <datafield tag="653" ind2=" " ind1=" ">
      <subfield code="a">Trickle irrigation</subfield>
   </datafield>
   <datafield tag="653" ind2=" " ind1=" ">
      <subfield code="a">Regatge per aspersió</subfield>
   </datafield>
   <datafield tag="653" ind2=" " ind1=" ">
      <subfield code="a">Sprinkler irrigation</subfield>
   </datafield>
   <datafield tag="653" ind2=" " ind1=" ">
      <subfield code="a">Regatge</subfield>
   </datafield>
   <datafield tag="653" ind2=" " ind1=" ">
      <subfield code="a">Irrigation</subfield>
   </datafield>
   <datafield tag="653" ind2=" " ind1=" ">
      <subfield code="a">Sòls -- Humitat</subfield>
   </datafield>
   <datafield tag="653" ind2=" " ind1=" ">
      <subfield code="a">Soil moisture</subfield>
   </datafield>
   <datafield ind2="0" ind1="0" tag="245">
      <subfield code="a">Efecto del volumen de suelo húmedo en riego localizado para el cultivo del avellano (Corylus avellana L.)</subfield>
   </datafield>
</record></metadata></record></GetRecord></OAI-PMH>